Možnosti použitia dlhopisov Fondu národného majetku SR

Popis jednotlivých spôsobov použitia dlhopisov FNM SR: na splatenie záväzkov voči fondom, na vklad do obchodnej spoločnosti, na prevod bytu do vlastníctva, na doplnkové dôchodkové alebo zdravotné poistenie, na prevod na banky určené na reštrukturalizáciu, na prevod medzi oprávnenými osobami, na získ...

Descripción completa

Guardado en:
Detalles Bibliográficos
Autor principal: Hajko, J.
Formato: Capítulo de libro
Lenguaje:eslovaco
Materias:
Etiquetas: Agregar Etiqueta
Sin Etiquetas, Sea el primero en etiquetar este registro!

MARC

LEADER 00000naa a2200000 4500
001 r021098
005 20230921074159.3
041 0 |a slo 
044 |a SK 
245 1 0 |a Možnosti použitia dlhopisov Fondu národného majetku SR  |c J. Hajko 
520 |a Popis jednotlivých spôsobov použitia dlhopisov FNM SR: na splatenie záväzkov voči fondom, na vklad do obchodnej spoločnosti, na prevod bytu do vlastníctva, na doplnkové dôchodkové alebo zdravotné poistenie, na prevod na banky určené na reštrukturalizáciu, na prevod medzi oprávnenými osobami, na získanie akcií z FNM. Možnosť splatenia dlhopisov fondom pred lehotou splatnosti alebo výplaty dlhopisov v r. 2001. 
610 2 0 |a Slovensko 
610 2 0 |a privatizácia 
610 2 0 |a dlhopisy 
610 2 0 |a FNM SR Bratislava 
610 2 0 |a predaj 
610 2 0 |a osoby fyzické 
610 2 0 |a osoby právnické 
100 1 |a Hajko, J.